Statistics for Modern-Day Countries of the Tu'i Tongan Empire on a Map

Click here to take the quiz!

General Stats

  • This quiz has been taken 3,625 times
  • The average score is 9 of 10

Answers on the Map

Answers color-coded by a green-red scale on the quiz's map according to % correct below.
 

Answer Stats

Countries% Correct
Tonga
96%
Samoa
94%
Fiji
93%
Tuvalu
90%
Nauru
89%
Kiribati
88%
Solomon Islands
87%
United States (American Samoa)
84%
France (Wallis and Futuna)
81%
New Zealand (Cook Islands / Tokelau)
76%

Score Distribution

Percentile by Number Answered

Percent of People with Each Score

Your Score History

You have not taken this quiz